000 00496cam a2200205ua 4500
020 _c12.00
041 _aeng
_h
082 _a546
_bSAT/AD
100 _aSatya Prakash, .
245 _aAdvanced inorganic chemistry /
_cSatya Prakash.
_hTextual Documents
250 _a9 /
_b.
260 _aNew Delhi :
_bS.Chand and Co ,
_c1961.
300 _a712 ; .
365 _a12.00
504 _a
700 1 _aBasu, S K .
700 1 _aTuli, G D .
942 _cBK
999 _c7546
_d7546